| 000 | 00424nam a2200145 i 4500 | ||
|---|---|---|---|
| 001 | 81014 | ||
| 003 | ES-MaACL | ||
| 005 | 20230906174340.0 | ||
| 007 | t| | ||
| 008 | 041101s1969 sp ||||1| spa d | ||
| 245 | 0 | 0 | _aHomenaje José Mª Iñíguez y Almech. |
| 260 |
_aZaragoza : _bSeminario Matemático García de Galdeano, _c[1969] |
||
| 300 |
_a230 p. : _bretr. homenaj. ; _c24 cm. |
||
| 852 |
_aES-MaACL _jC-46756 _bR.70816 |
||
| 999 |
_c81014 _d81014 |
||